000
00258nam a22001097a 4500
082
_a
823
_b
OLS/R
100
_a
C- OLSON, MARY
245
_a
RACE DOWN THE MOUNTAIN
260
_a
NEW YORK
_b
GOLDEN BOOK
_c
1987
650
_a
ENGLISH STORY
_z
UNITED STATES
942
_c
BK
999
_c
7585
_d
7585